000 01253nam a22002897a 4500
003 OSt
005 20180426153545.0
008 170817s2018 ua g b 000 0 ara d
020 _a9789773794200
040 _aMa-Un
_bara
_cDar Arab
082 0 4 _221
_a343.07
_bع ل ت
100 1 _961290
_aعبد القادر، لطرش علي عيسى
245 1 2 _aالتنظيم القانوني للمنظمة العالمية للمناطق الحرة في عالم الاقتصاد /
_cلطرش علي عيسى عبد القادر.
250 _aط. 1.
260 _aالإسكندرية، مصر :
_bدار الفكر االجامعي،
_c2018.
300 _a206 ص. ؛
_c24 سم.
500 _aملاحق : ص. 167-199.
504 _aيشتمل على إرجاعات ببليوجرافية.
504 _aببليوجرافية : ص. 161-166.
650 4 _aالمناطق الحرة
_xقوانين وتشريعات
_960095
650 4 _aالاستثمار
_xجوانب اقتصادية
_963148
650 4 _aالجمارك
_xقوانين وتشريعات
_954566
650 4 _aالعلاقات الاقتصادية الدولية
_963149
942 _cBOOK
949 _aALGU
_d15/05/2009
_iDA8707-8
_n1
_usystem.
949 _aARUC
_n1
_d2011/9/11
_utraining
999 _c42237
_d311857